| 000 | 00572nam a22001937a 4500 | ||
|---|---|---|---|
| 003 | LK-CoMWRAF | ||
| 005 | 20240118115157.0 | ||
| 008 | 231224b1985 |||||||| |||| 00| 0 eng d | ||
| 040 |
_aLK-CoMWRAF _dLK-CoMWRAF _eLK-CoMWRAF |
||
| 041 | _aeng | ||
| 041 | _aara | ||
| 082 |
_a330 _bABU |
||
| 100 | _aAbu-Saud, Mohmoud | ||
| 245 |
_acontemporary economic issues: _bviews of a moslem scholar |
||
| 260 |
_aCalifornia: _bIslamic center of Southern California, _c1985 |
||
| 300 |
_a30 p. _bBibliography included |
||
| 650 | _aECONOMIC ISSUES- Islam perspectives | ||
| 942 | _cBK | ||
| 999 |
_c4549 _d4549 |
||